Trendy v manažmente výroby na Slovensku a corporate governance

Gespeichert in:
Bibliographische Detailangaben
1. Verfasser: Dupaľ, Andrej
Format: Buchkapitel
Sprache:Slowakisch
Tags: Tag hinzufügen
Keine Tags, Fügen Sie das erste Tag hinzu!

MARC

LEADER 00000naa$a2200000$$$4500
001 0093828
005 20240502072039.3
041 0 |a slo 
044 |a SK 
245 1 0 |a Trendy v manažmente výroby na Slovensku a corporate governance  |c Andrej Dupaľ 
100 1 |a Dupaľ, Andrej